00620nam a2200193Ia 4500008004100000020001800041082001600059100004300075245001600118250000700134260004200141300003000183500001900213600002000232650001500252942000700267952013500274999001700409240925s9999 xx 000 0 und d a9788126542000 a658.872 MOH aMohapatra, Sanjay ; Kanth, Suman Kumar 0aE-Marketing aNA aNew Delhi:bJohn Wiley & Sonsc,2013. axviii, 477p.b0fOriginal aIncludes Index aSocial Sciences aManagement cBK 001040708MANaUITUbUITUd2019-01-20eAllied Book Companyg1071.20l0o658.872 MOHpQ14153r2024-09-25 07:17:12w2024-09-25yBK c16652d16652